000 01116cad a22002175a 4500
001 L156688
008 120625s20120621xxk f 000 0 eng d
035 _a(Sirsi) u156688
041 0 _aeng
110 2 _aKnight Frank
_91530
245 0 0 _aHouse prices fall in June, but households in most regions optimistic about price rises over next 12 months
_h[electronic resource]
260 _aLondon
_bKnight Frank
_b2012
490 0 _aKnight Frank/Markit House Price Sentiment Index
_vJune 2012
520 _aUK households perceive a decline in value of their homes. Households believe that house prices have fallen every month for the last two years. However, the outlook for house prices remains upbeat for fifth consecutive month in a row with 8 regions expecting price rises over next 12 months
590 _aKA NTK
651 4 _aUnited Kingdom
_y
690 _aResidential property
_96266
710 _aMarkit
_95915
856 4 0 _uhttps://resources.knightfrank.com/getnewsresource.ashx?id=0878f379-58fc-4fb0-9986-b533527018f0&type=1
_zView the items free of charge at www.resourcesknightfrank.com
942 _n0
999 _c114364
_d114364